Statistiques concernant Armand Fallières et sa présidence

Cliquez ici pour prendre le quiz!

Statistiques générales

  • Ce quiz a été pris 18 fois
  • Le résultat moyen est 10 sur 20

Statistiques - réponses

GroupeIndicesRéponses% Correct
PrésidencePlus grande affaire judicaire du régime prenant fin en 1906 avec la réintégration d'un capitaine dans l'arméeAffaire {Dreyfus}
100%
BiographieChambre qu'il présida pendant près de sept ansSénat
94%
PrésidenceUn projet de loi pour son abolition est proposé en 1908, 73 ans avant son retrait effectifPeine de mort
88%
BiographieProfession de formationAvocat
82%
PrésidenceUn protectorat est y est instauré en 1912Maroc
82%
PrésidenceAdversaire, à son tour élu en 1931Paul Doumer
76%
PrésidenceParti politique lors de son électionAlliance démocratique
71%
PrésidenceDécédé en 1902, il est transféré en 1908 au Panthéon, avec la résolution de cette affaireEmile Zola
71%
BiographieUniversités fréquentées
Université de Paris
65%
PrésidencePrésident du Conseil connu comme le "briseur de grèves"Georges Clemenceau
53%
Citations{Président} {de} {la} {République}: la place est bonne, malheureusement il n’y a pas d’avancement.
53%
CitationsLes {Parisiens} regrettaient presque d'être de {Paris}
47%
PrésidenceL'usage de ce dispositif électoral est voté en 1913Isoloir
41%
BiographieUniversités fréquentéesUniversité de Toulouse
35%
BiographieSurnom donné en raison de sa grande popularitéLe {Père} Fallières
29%
FamilleEnfants (nommez-en un)Anne-Marie | André
18%
BibliographieTexte publié et prononcé lors d'un congrès scientifique en 1889, étant alors ministre de l'InstructionCongrès des sociétés {savantes}
18%
FamilleEpouseJeanne Bresson
12%
BibliographieDécret présidentiel réglementant l'utilisation de divers véhicules et appareils de productionAppareils à {vapeur} employés à terre
6%
BiographieType de nécrose à l'origine du décèsInfarctus
6%

Distribution des résultats

Percentile par nombre de réponses

% des personnes avec chaque résultat

Votre développement - résultats

Vous n’avez pas pris ce quiz